000 00538nam a22001697a 4500
005 20260302110223.0
008 260302b |||||||| |||| 00| 0 eng d
020 _a978-0-19-922693-1
100 _aLOWENFELD, ANDREAS F.
245 _aINTERNATIONAL ECONOMIC LAW
250 _a2ND ED
260 _aNEW YORK
_bOXFORD UNIVERSITY PRESS
_c2008
300 _aLIII, 956P.
500 _aINCLUDES INDEX
650 _a1. FOREIGN TRADE REGULATIONS 2. INVESTMENTS, FOREIGN -LAW AND LEGISTLATION 3. MONEY -LAW AND LEGISTLATION
942 _2lcc
_cBK
999 _c216729
_d216729